West Bengal: tables on houses and household amenities (Record no. 491577)

000 -LEADER
fixed length control field 00467cam a22001337a 4500
008 - FIXED-LENGTH DATA ELEMENTS--GENERAL INFORMATION
fixed length control field 180718b1991 xxu||||| |||| 00| 0 eng d
082 ## - DEWEY DECIMAL CLASSIFICATION NUMBER
Classification number A81x54 91/26/PT7/1
100 ## - MAIN ENTRY--PERSONAL NAME
Personal name Census of India 1991
245 ## - TITLE STATEMENT
Title West Bengal: tables on houses and household amenities
260 ## - PUBLICATION, DISTRIBUTION, ETC.
Place of publication, distribution, etc. New Delhi
Name of publisher, distributor, etc. The Controller of Publications
Date of publication, distribution, etc. 1991
300 ## - PHYSICAL DESCRIPTION
Extent 498+p.
440 ## - SERIES STATEMENT/ADDED ENTRY--TITLE
Title Census of India 1991. Series-26, West Bengal. Part-VII, volume 1
650 ## - SUBJECT ADDED ENTRY--TOPICAL TERM
Topical term or geographic name entry element West Bengal - Household surveys
Holdings
Withdrawn status Lost status Damaged status Not for loan Permanent Location Current Location Date acquired Full call number Barcode Date last seen Price effective from Koha item type
        Indian Institute of Public Administration Indian Institute of Public Administration 2018-08-04 A81x54 91/26/PT7/1 G20034 2018-08-04 2018-08-04 G

Powered by Koha